Das altenglische gedicht vom heiligen Andreas und der dichter Cynewulf ... (Record no. 23809)
[ view plain ]
| 000 -LEADER | |
|---|---|
| fixed length control field | 00695cam a22002531 4500 |
| 001 - CONTROL NUMBER | |
| control field | g 01001676 |
| 003 - CONTROL NUMBER IDENTIFIER | |
| control field | DLC |
| 005 - DATE AND TIME OF LATEST TRANSACTION | |
| control field | 20260227111255.0 |
| 008 - FIXED-LENGTH DATA ELEMENTS--GENERAL INFORMATION | |
| fixed length control field | 870403s1886 gw 000 0 ger |
| 010 ## - LIBRARY OF CONGRESS CONTROL NUMBER | |
| LC control number | g 01001676 |
| 035 ## - SYSTEM CONTROL NUMBER | |
| System control number | (OCoLC)15483917 |
| 040 ## - CATALOGING SOURCE | |
| Original cataloging agency | DLC |
| Transcribing agency | TxDaM |
| Modifying agency | DLC |
| 042 ## - AUTHENTICATION CODE | |
| Authentication code | premarc |
| 050 00 - LIBRARY OF CONGRESS CALL NUMBER | |
| Classification number | PR1644 |
| Item number | .R3 1886 |
| 100 1# - MAIN ENTRY--PERSONAL NAME | |
| Personal name | Ramhorst, Friedrich Wilhelm, |
| Dates associated with a name | 1863- |
| 245 14 - TITLE STATEMENT | |
| Title | Das altenglische gedicht vom heiligen Andreas und der dichter Cynewulf ... |
| 260 ## - PUBLICATION, DISTRIBUTION, ETC. | |
| Place of publication, distribution, etc. | Leipzig, |
| Name of publisher, distributor, etc. | G. Fock, |
| Date of publication, distribution, etc. | 1886. |
| 300 ## - PHYSICAL DESCRIPTION | |
| Extent | 1 p. l., 72 [2] p. |
| Dimensions | 20 cm. |
| 500 ## - GENERAL NOTE | |
| General note | Cover-title. |
| 500 ## - GENERAL NOTE | |
| General note | Inaug.-diss.-Berlin. |
| 500 ## - GENERAL NOTE | |
| General note | Vita. |
| 630 00 - SUBJECT ADDED ENTRY--UNIFORM TITLE | |
| Uniform title | Andreas. |
| 600 00 - SUBJECT ADDED ENTRY--PERSONAL NAME | |
| Personal name | Cynewulf. |
No items available.